[Event "SLO-ch U12"]
[Site "Ptuj"]
[Date "2017.02.28"]
[Round "4"]
[White "Premk, Simon"]
[Black "Strazisnik, Enej"]
[Result "1-0"]
[WhiteElo "1596"]
[BlackElo "1747"]
[PlyCount "93"]
[EventDate "2017.02.27"]
[EventType "swiss"]
[EventRounds "9"]
[EventCountry "SLO"]
[SourceTitle "CBM 177 Extra"]
[Source "ChessBase"]
[SourceDate "2017.04.27"]
[SourceVersion "1"]
[SourceVersionDate "2017.04.27"]
[SourceQuality "1"]

1. e4 c5 2. Nf3 d6 3. Bc4 a6 4. Ng5 e6 5. d3 b5 6. Bxe6 Bxe6 7. Nxe6 fxe6 8. Qf3 Nf6 9. e5 Nd5 10. exd6 Bxd6 11. Nc3 Nc7 12. 0-0 Qf6 13. Ne4 Qxf3 14. Nxd6+ Kd7 15. gxf3 Kxd6 16. Bf4+ e5 17. Bg3 Nd7 18. Rad1 Nf6 19. d4 cxd4 20. Rxd4+ Ncd5 21. Re1 Rae8 22. b3 Kc6 23. Rxe5 Rxe5 24. Bxe5 Re8 25. f4 g6 26. c4 Nxf4 27. Rxf4 Rxe5 28. Rxf6+ Kc5 29. Rxa6 bxc4 30. Ra5+ Kd4 31. Rxe5 Kxe5 32. Kf1 c3 33. Ke2 Ke4 34. Kd1 Kd3 35. Kc1 c2 36. a4 Kd4 37. Kxc2 Kc5 38. Kc3 h5 39. b4+ Kb6 40. Kc4 Kc6 41. b5+ Kb6 42. Kd5 g5 43. Kc4 g4 44. Kb4 h4 45. a5+ Kb7 46. Kc5 g3 47. fxg3 1-0